000 00814nam a2200265 a 4500
001 49412
003 BD-RjUL
005 20211209054657.0
008 160820s1977 nyu b 001 0 eng
020 _a0231036116
035 _a(BD-RjUL)49531
040 _aDLC
_cDLC
_dDLC
_dBD-RjUL
_beng
041 _aeng
082 0 0 _219
_a361.3
_bLOF 1977
100 1 _aLoewenberg, Frank M.
_9148327
245 1 0 _aFundamentals of social intervention :
_bcore concepts and skills for social work practice /
_cF. M. Loewenberg.
260 _aNew York :
_bColumbia University Press,
_c1977.
300 _axiv, 374 p. ;
_c24 cm.
500 _aIncludes indexes.
504 _aBibliography: p. [353]-364.
650 0 _aSocial service.
_9148328
650 0 _aSocial workers.
_9148329
942 _2ddc
_cBK
999 _c49412
_d49412